Quartz Super do ozimných obilnín

Bibliographic Details
Main Authors: Haspra, Pavol chovateľ (Author), Hosťovecký, Milan (Author)
Format: Article
Language:Slovak
Subjects:

MARC

LEADER 00000nab a2200000 a 4500
001 vtls000433070
003 SK-MaSNL
005 20260304233946.0
008 120925c1991 xo 0 slo
015 |a SNBRB19rr/mm-uuuuu 
035 |a CL0433198 
040 |a SNKBUCL  |b slo  |c SNKBUCL  |e AACR2 
041 0 |a slo 
044 |a xo  |c SK 
080 |a 632.954:633.1"324"  |2 1981 
080 |a 633.1"324"  |2 1981 
080 |a 632.954  |2 1981 
100 1 |a Haspra, Pavol  |c chovateľ  |4 aut  |9 10794 
245 1 0 |a Quartz Super do ozimných obilnín  |c Pavel Haspra, Milan Hosťovecký 
650 0 7 |a obilniny  |2 snkbucl  |9 19007 
650 0 7 |a preemergentné herbicídy  |2 snkbucl  |9 1570195 
650 0 7 |a Quartz Super (herbicíd)  |2 snkbucl  |9 1369306 
655 7 |a články z novín a časopisov  |2 snkbucl  |9 267496 
700 1 |a Hosťovecký, Milan  |4 aut  |9 859810 
773 0 |t Roľnícke noviny  |g Roč. 46, č. 266 (13. 11. 1991), s. 8 
850 |a Slovenská národná knižnica v Martine  |a MTA001 
852 |a SNK  |b KIS3GCP 
958 |a RK 
992 |a RBX 
999 |c 3201211  |d 3203141